[Event "Mumbai Wealth op"]
[Site "Mumbai"]
[Date "2016.02.04"]
[Round "8"]
[White "Himanshu, Sharma"]
[Black "Arjun, Adappa"]
[Result "1-0"]
[WhiteElo "2385"]
[BlackElo "1960"]
[PlyCount "105"]
[EventDate "2016.01.28"]
[EventType "swiss"]
[EventRounds "9"]
[EventCountry "IND"]
[SourceTitle "CBM 170 Extra"]
[Source "ChessBase"]
[SourceDate "2016.02.25"]
[SourceVersion "1"]
[SourceVersionDate "2016.02.25"]
[SourceQuality "1"]

1. e4 Nf6 2. e5 Nd5 3. d4 d6 4. c4 Nb6 5. exd6 exd6 6. Nc3 Be7 7. Be2 0-0 8. Nf3 Nc6 9. h3 Bf5 10. d5 Ne5 11. Nd4 Bg6 12. b3 h6 13. 0-0 Bf6 14. Be3 Re8 15. Qd2 a5 16. Rfe1 Ned7 17. Bd3 Bxd3 18. Qxd3 Nc5 19. Qc2 Nbd7 20. Rad1 Bg5 21. f4 Bf6 22. Bf2 Nf8 23. a3 Ng6 24. g3 h5 25. b4 axb4 26. axb4 Rxe1+ 27. Rxe1 Na6 28. Ne4 h4 29. Nf5 Nxb4 30. Qb1 c5 31. Nexd6 Ra1 32. Qxa1 Bxa1 33. Re8+ Qxe8 34. Nxe8 b6 35. Nxh4 Nxh4 36. gxh4 Kf8 37. Nd6 Bf6 38. Ne4 Be7 39. f5 Nd3 40. Bg3 Nb2 41. f6 gxf6 42. Bc7 f5 43. Nd2 Bxh4 44. Bxb6 Na4 45. Ba5 Nb2 46. Bc3 Nd3 47. Nf3 Bg3 48. h4 Nf4 49. Be5 Ke7 50. Kf1 f6 51. Bxf4 Bxf4 52. h5 Kd6 53. Nh4 1-0

[Event "Mumbai Wealth op"]
[Site "Mumbai"]
[Date "2016.01.29"]
[Round "2"]
[White "Kulkarni, Vikramaditya"]
[Black "Arjun, Adappa"]
[Result "1-0"]
[WhiteElo "2297"]
[BlackElo "1960"]
[PlyCount "83"]
[EventDate "2016.01.28"]
[EventType "swiss"]
[EventRounds "9"]
[EventCountry "IND"]
[SourceTitle "CBM 170 Extra"]
[Source "ChessBase"]
[SourceDate "2016.02.25"]
[SourceVersion "1"]
[SourceVersionDate "2016.02.25"]
[SourceQuality "1"]

1. e4 Nf6 2. e5 Nd5 3. d4 d6 4. Nf3 dxe5 5. Nxe5 c6 6. Be2 Nd7 7. Nf3 g6 8. 0-0 Bg7 9. c4 Nc7 10. Nc3 0-0 11. Bg5 Nf6 12. Ne5 Bf5 13. h3 Ne4 14. Be3 c5 15. Nf3 cxd4 16. Nxd4 Nxc3 17. bxc3 Bd7 18. Bf3 Rb8 19. Rb1 Qc8 20. Re1 e5 21. Nc2 b6 22. Nb4 e4 23. Bxe4 Bxc3 24. Re2 Bxb4 25. Rxb4 Ne6 26. Bd5 Qc7 27. Bh6 Qc5 28. Bxe6 Bxe6 29. Qa1 f6 30. Bxf8 Rxf8 31. Qc3 Bf7 32. a3 Kg7 33. Qe3 Qc6 34. Qd4 Qc7 35. Rd2 Re8 36. Qd6 Qc8 37. Rd4 Re6 38. Qf4 Qe8 39. Rb3 Qa4 40. Re3 Rxe3 41. Qxe3 Qc6 42. Qe7 1-0

[Event "World School-ch U13 8th"]
[Site "Iasi"]
[Date "2012.05.03"]
[Round "6"]
[White "Amangeldiyev, Aydar"]
[Black "Arjun, Adappa"]
[Result "0-1"]
[WhiteElo "1738"]
[BlackElo "1461"]
[PlyCount "49"]
[EventDate "2012.04.28"]
[EventType "swiss"]
[EventRounds "9"]
[EventCountry "ROU"]
[SourceTitle "EXT 2013"]
[Source "ChessBase"]
[SourceDate "2012.11.22"]
[SourceVersion "1"]
[SourceVersionDate "2012.11.22"]
[SourceQuality "1"]

1. e4 c5 2. Nf3 Nc6 3. d4 cxd4 4. Nxd4 g6 5. Nc3 Bg7 6. Be3 Nf6 7. f3 0-0 8. Qd2 d5 9. exd5 Nxd5 10. Nxc6 bxc6 11. 0-0-0 Qc7 12. Bd4 e5 13. Bc5 Rd8 14. Qe1 Be6 15. Ne4 Bh6+ 16. Kb1 f5 17. Nf2 Rab8 18. Ka1 Bg7 19. Bc4 Bf7 20. Be3 Re8 21. Bb3 a5 22. a4 e4 23. fxe4 fxe4 24. Qe2 Nb4 25. c3 0-1

[Event "World School-ch U13 8th"]
[Site "Iasi"]
[Date "2012.04.30"]
[Round "3"]
[White "Pintilie, Vlad"]
[Black "Arjun, Adappa"]
[Result "1-0"]
[WhiteElo "1736"]
[BlackElo "1461"]
[PlyCount "87"]
[EventDate "2012.04.28"]
[EventType "swiss"]
[EventRounds "9"]
[EventCountry "ROU"]
[SourceTitle "EXT 2013"]
[Source "ChessBase"]
[SourceDate "2012.11.22"]
[SourceVersion "1"]
[SourceVersionDate "2012.11.22"]
[SourceQuality "1"]

1. d4 Nf6 2. c4 g6 3. Nc3 d5 4. Bg5 Ne4 5. Bf4 Nxc3 6. bxc3 Bg7 7. cxd5 Qxd5 8. e3 c5 9. Be2 cxd4 10. cxd4 Nc6 11. Bf3 Qa5+ 12. Qd2 Qxd2+ 13. Kxd2 0-0 14. Rb1 e5 15. dxe5 Rd8+ 16. Ke2 Bxe5 17. Bxe5 Nxe5 18. Bxb7 Rb8 19. Be4 Ba6+ 20. Ke1 Rxb1+ 21. Bxb1 Rb8 22. Be4 Rb2 23. Nf3 Nxf3+ 24. Bxf3 Rxa2 25. g3 Bc4 26. h4 a5 27. h5 g5 28. Kd1 Be2+ 29. Bxe2 Ra1+ 30. Kc2 Rxh1 31. Kb3 Rh2 32. Ka4 Rxf2 33. Bd1 Ra2+ 34. Kb5 f5 35. Bb3+ Kg7 36. Bxa2 Kh6 37. Bf7 Kg7 38. Be8 Kf6 39. h6 g4 40. Kxa5 Kg5 41. Bd7 Kxh6 42. Bxf5 Kg5 43. Bxh7 Kf6 44. Kb4 1-0